[Event "JOR-ch sf"]
[Site "Amman"]
[Date "2009.04.03"]
[Round "8"]
[White "Almograbi, Fuad"]
[Black "Basil, Alshouha"]
[Result "1-0"]
[WhiteElo "1896"]
[BlackElo "2020"]
[PlyCount "53"]
[EventDate "2009.03.26"]
[EventType "swiss"]
[EventRounds "9"]
[EventCountry "JOR"]
[SourceTitle "EXT 2022"]
[Source "ChessBase"]
[SourceDate "2021.10.06"]
[SourceVersion "1"]
[SourceVersionDate "2021.10.06"]
[SourceQuality "1"]

1. e4 c5 2. Nf3 g6 3. d4 cxd4 4. Nxd4 Bg7 5. Nc3 Nc6 6. Be3 Nf6 7. Be2 0-0 8. Qd2 Nxd4 9. Bxd4 d6 10. 0-0-0 a6 11. Be3 b5 12. e5 Ng4 13. exd6 Nxe3 14. dxe7 Qxd2+ 15. Rxd2 Re8 16. Bf3 Rb8 17. Rd8 Bf5 18. Rxb8 Rxb8 19. fxe3 Bf6 20. Nd5 Be5 21. e4 Be6 22. Rd1 Re8 23. c4 bxc4 24. Be2 Rc8 25. Nb6 Bf4+ 26. Kc2 Re8 27. Rd8 1-0